LEADER 01361nam a2200313 i 4500 001 000000107104 003 CaOOAMICUS 005 20030304000000.0 008 030304s1992 fr u000 u fre u 013 $a79320 020 $a2-227-34092-4 040 $aSeMil$bita 100 1 $aLégaut, Marcel.$0(OLS)http://semarc/name/38774 245 10$aVie spirituelle et modernité :$bentretiens ultimes avec Thérèse De Scott /$cMarcel Légaut, Thérèse De Scott. 260 $aGembloux :$bJ. Duculot,$c1992. 260 $aParis :$bCenturion,$c1992. 300 $a248 p. ;$c24 cm. 500 $aFondo Card. C.M. Martini. 650 4$aVita cristiana - Spiritualità.$0(OLS)http://semarc/subject/5020 650 4$aLegaut, Marcel <1900-1990>.$0(OLS)http://semarc/subject/18681 700 1 $aDe Scott, Thérèse.$0(OLS)http://semarc/name/45044 850 $aSeMil 852 $aSeMil$W1$xVenegono$y1$m2C V 14$j63200$B63200$CSeMilBibl$Z2$F91235 $81 941 1 $a4 961 $aOmaggio: Martini Card. Carlo Maria 996 $6020$a2-227-34092-4$9(OLS)http://semarc/number/87969 996 $6245$aVie spirituelle et modernité :$bentretiens ultimes avec Thérèse De Scott$9(OLS)http://semarc/title/155319 996 $6260$aParis :$bCenturion$9(OLS)http://semarc/publisher/32415 996 $6260$aGembloux :$bJ. Duculot$9(OLS)http://semarc/publisher/29655 LEADER 01391nam a2200241 4500 001 000000330708 003 CaOOAMICUS 005 20181015100612.0 008 181015s19651965fr a 000 u fre r 040 $aSeMil$bita 100 1 $aHubert, Martin Ph.$0(OLS)http://semarc/name/108293 245 13$aLa messe :$bhistoire du culte eucharistique en Occident /$cMartin Ph. Hubert ; lettre-préface de S. Em. le Cardinale Feltin. 264 1$aParis :$bPublications filmées d'art et d'histoire,$c1965. 300 $a2 v. :$bill ;$c19 cm 490 1 $aIconographie historique 650 4$aMessa - Storia.$0(OLS)http://semarc/subject/1162 700 1 $aFeltin, Maurice,$c,$eautore di introduzione.$0(OLS)http://semarc/name/9869 774 0 $aHubert, Martin Ph.$tOrigines et l'âge d'or patristique.$dParis : Publications filmées d'art et d'histoire, 1965.$kIconographie historique $g1$w()330710 774 0 $aHubert, Martin Ph.$tMoyen-âge et les temps modernes.$dParis : Publications filmées d'art et d'histoire, 1965.$kIconographie historique $g2$w()330711 830 0$aIconographie historique.$0(OLS)http://semarc/title/419203 996 $6245$aLa messe :$bhistoire du culte eucharistique en Occident$9(OLS)http://semarc/title/419210 996 $6264$aParis :$bPublications filmées d'art et d'histoire$9(OLS)http://semarc/publisher/57905